00433 2200157 4500001002100000005001500021035002000036007000300056008004100059082000800100084001200108245005200120260006600172300001500238110002200253INLIS00000000000591620260422102250 a0010-0426000003ta260422 g | eng  a637 a637 IMP1 aVeterinary products /cBadan: Imperial Chemical aDjakarta :bN.V. Pharmaceutische Handels v.h. KERKHOFF,c1950 a39p. :b-.0 aImperial Chemical